Biotechnology

Guardat en:
Dades bibliogràfiques
Autor principal: H.-J. REHM
Format: Llibre
Idioma:Undetermined
Publicat: Weinheim, FRG VCH 1993
Matèries:
Etiquetes: Afegir etiqueta
Sense etiquetes, Sigues el primer a etiquetar aquest registre!
Thư viện lưu trữ: Trung tâm Học liệu Trường Đại học Cần Thơ
LEADER 00429nam a2200169Ia 4500
001 CTU_50482
008 210402s9999 xx 000 0 und d
082 |a 660.6 
082 |b B616/Vol.11a 
100 |a H.-J. REHM 
245 0 |a Biotechnology 
245 0 |c H.-J. REHM, G. REED 
260 |a Weinheim, FRG 
260 |b VCH 
260 |c 1993 
650 |a biotechnology 
980 |a Trung tâm Học liệu Trường Đại học Cần Thơ